Elements of company law / (Record no. 125778)
[ view plain ]
| 000 -LEADER | |
|---|---|
| fixed length control field | 00734nam a22002537a 4500 |
| 003 - CONTROL NUMBER IDENTIFIER | |
| control field | dpl |
| 005 - DATE AND TIME OF LATEST TRANSACTION | |
| control field | 20180608160337.0 |
| 008 - FIXED-LENGTH DATA ELEMENTS--GENERAL INFORMATION | |
| fixed length control field | 180608b xxu||||| |||| 00| 0 eng d |
| 010 ## - LIBRARY OF CONGRESS CONTROL NUMBER | |
| LC control number | B-108972 |
| 020 ## - INTERNATIONAL STANDARD BOOK NUMBER | |
| Terms of availability | 175.00 |
| International Standard Book Number | 8180541347 |
| 035 ## - SYSTEM CONTROL NUMBER | |
| System control number | B-108972, B-109000 |
| 037 ## - SOURCE OF ACQUISITION | |
| Source of stock number/acquisition | Cen Lib/Ret |
| 040 ## - CATALOGING SOURCE | |
| Original cataloging agency | DPL |
| Language of cataloging | EN |
| Transcribing agency | 0 |
| 082 ## - DEWEY DECIMAL CLASSIFICATION NUMBER | |
| Classification number | 346.54056 |
| Item number | KAP |
| 100 ## - MAIN ENTRY--PERSONAL NAME | |
| Personal name | Kapoor, N. D |
| 9 (RLIN) | 15471 |
| 245 ## - TITLE STATEMENT | |
| Title | Elements of company law / |
| Statement of responsibility, etc | by N. C. Kapoor |
| 250 ## - EDITION STATEMENT | |
| Edition statement | 27th ed |
| 260 ## - PUBLICATION, DISTRIBUTION, ETC. (IMPRINT) | |
| Place of publication, distribution, etc | New Delhi |
| Name of publisher, distributor, etc | Sultan Chand and Sons |
| Date of publication, distribution, etc | 2003 |
| 270 ## - ADDRESS | |
| City | New Delhi |
| Address | 23 Daryaganj |
| Postal code | 110002 |
| 300 ## - PHYSICAL DESCRIPTION | |
| Extent | xiv,553p. |
| Dimensions | 24cm(Hb) |
| 650 ## - SUBJECT ADDED ENTRY--TOPICAL TERM | |
| Topical term or geographic name as entry element | Corporation law |
| 9 (RLIN) | 15472 |
| 650 ## - SUBJECT ADDED ENTRY--TOPICAL TERM | |
| Topical term or geographic name as entry element | Stock companies |
| 9 (RLIN) | 15473 |
| 942 ## - ADDED ENTRY ELEMENTS (KOHA) | |
| Source of classification or shelving scheme | Dewey Decimal Classification |
| Koha item type | English Books |
| Classification part | 346.54056 |
| Call number suffix | KAP |
| Withdrawn status | Lost status | Damaged status | Not for loan | Home library | Current library | Date acquired | Source of acquisition | Cost, normal purchase price | Total Checkouts | Full call number | Barcode | Date last seen | Copy number | Cost, replacement price | Price effective from | Koha item type | Source of classification or shelving scheme | Collection code | Total Renewals | Date checked out |
|---|---|---|---|---|---|---|---|---|---|---|---|---|---|---|---|---|---|---|---|---|
| Central Library | Central Library | 23/06/2015 | Cen Lib/Ret | 175.00 | 346.54056 KAP | B-108972 | 23/06/2015 | 1 | 175.00 | 23/06/2015 | English Books | |||||||||
| Shahdara Branch | Shahdara Branch | 08/06/2018 | BPPD/PUB | 175.00 | 7 | 346.54056 KAP | B-109000 | 28/04/2022 | 175.00 | 08/06/2018 | English Books | Dewey Decimal Classification | Non-fiction | 2 | 25/04/2022 |
